00814nam a2200253 a 4500001001000000003000900010005001700019007000300036008004100039020001800080040003000098041000800128082002400136100002900160245007600189264007400265300002800339336002700367337003300394338002800427500005500455650002400510650002600534000046077DO-SdBNP20250129081740.0ta150617s2012 dr 000 j spa d a9789945404708 aDO-SdBNPbspacBNPHUerda hspa aRD863.44bJ942m2221 aJulián, Aquileseautor10aMujer que llamo Laura :by otros cuentos premiados /cAquiles Julián. aSanto Domingo, :bEdiciones de culturabMinisterio de Cultura,c2012. a133 p.óginas;c23 cm. ardacontentbtexto2txt ardamediabsin mediación2n ardacarrierbvolumen2nc aIncluye datos biográficos del autor en la solapa 4aCuentos dominicanos 4aLiteratura dominicana